000 00399cam a22001217a 4500
008 180718b1972 xxu||||| |||| 00| 0 eng d
082 _aA81x54 In2/71/Mon9
100 _aCensus of India 1971
245 _aExtracts from all India census reports on literacy
260 _aDelhi
_bThe Manager of Publications
_c1972
300 _a118+p.
440 _aCensus of India 1971. Census Centenary Monograph No. 9
999 _c484833
_d484833